[Event "IECG CM.1999.0.00071"]
[Site "IECG email"]
[Date "1999.??.??"]
[Round "?"]
[White "Culp, Barry N"]
[Black "Jurca, Horatiu"]
[Result "1/2-1/2"]
[WhiteElo "2304"]
[BlackElo "2416"]
[PlyCount "137"]
[EventDate "1999.02.26"]
[EventType "tourn (corr)"]
[EventRounds "6"]
[SourceTitle "Corr 2008"]
[Source "ChessBase"]
[SourceDate "2008.06.24"]
[SourceVersion "1"]
[SourceVersionDate "2008.06.24"]
[SourceQuality "1"]

1. d4 Nf6 2. c4 c5 3. d5 e6 4. Nc3 exd5 5. cxd5 d6 6. Nf3 g6 7. Bf4 a6 8. a4 Bg7 9. h3 0-0 10. e3 Nh5 11. Bh2 f5 12. Be2 f4 13. e4 Nd7 14. 0-0 Kh8 15. Nd2 Qg5 16. Nf3 Qe7 17. Re1 b6 18. Rc1 Ne5 19. Nxe5 Qxe5 20. Bxh5 Qxh5 21. Qxh5 gxh5 22. b3 Bd7 23. Ne2 Be5 24. Rc2 b5 25. a5 Rac8 26. f3 Kg7 27. h4 Rf6 28. Kf2 Rcf8 29. Rd1 b4 30. Rdc1 Bb5 31. Rd2 Kf7 32. Rcd1 Rg8 33. Rb1 Rg7 34. Kg1 Bd7 35. Kh1 Ke8 36. Rbd1 Bb5 37. Rc2 Rff7 38. Rdd2 Kd7 39. Rc1 Rf8 40. Rdc2 Kc8 41. Rd2 Rc7 42. Rdc2 Kd7 43. Bg1 Rfc8 44. Kh2 c4 45. Bb6 Rc5 46. Bxc5 cxb3 47. Bxd6 bxc2 48. Bxe5 Bxe2 49. Kg1 Bd1 50. Kf1 Rc5 51. Ke1 Rxa5 52. Kd2 Ra2 53. Ra1 Rxa1 54. Bxa1 a5 55. Bd4 Kd6 56. Bg7 Kc5 57. Bf8+ Kb5 58. Kc1 Be2 59. Kxc2 a4 60. d6 Kc6 61. d7 b3+ 62. Kb2 Kxd7 63. Bh6 Bf1 64. Bxf4 Bxg2 65. Ka3 Kc6 66. Bc1 Kb5 67. e5 Bxf3 68. e6 Bc6 69. e7 1/2-1/2

[Event "IECG CM.1999.0.00071"]
[Site "IECG email"]
[Date "1999.??.??"]
[Round "?"]
[White "Jurca, Horatiu"]
[Black "Fiala, Jaroslav"]
[Result "1/2-1/2"]
[WhiteElo "2416"]
[BlackElo "2250"]
[PlyCount "66"]
[EventDate "1999.02.26"]
[EventType "tourn (corr)"]
[EventRounds "6"]
[SourceTitle "Corr 2008"]
[Source "ChessBase"]
[SourceDate "2008.06.24"]
[SourceVersion "1"]
[SourceVersionDate "2008.06.24"]
[SourceQuality "1"]

1. d4 Nf6 2. c4 g6 3. f3 Bg7 4. e4 d6 5. Be3 0-0 6. Nc3 Nc6 7. Nge2 a5 8. Qd2 a4 9. d5 Ne5 10. Nd4 c5 11. Ndb5 Ne8 12. h3 Nc7 13. Nxc7 Qxc7 14. f4 Nd7 15. 0-0-0 b5 16. Nxb5 Qb8 17. g4 Ba6 18. Kb1 Bxb5 19. cxb5 Rc8 20. Rc1 Nf6 21. Bd3 Ne8 22. f5 Nc7 23. Qe2 Ra5 24. fxg6 fxg6 25. Bd2 Rxb5 26. Bxb5 Nxb5 27. Qe3 Bd4 28. Qg3 c4 29. Bb4 a3 30. Bxa3 Be5 31. Qe3 Bd4 32. Qg3 Be5 33. Qe3 Bd4 1/2-1/2

[Event "IECG WC.2000.S.00002 email"]
[Site "IECG email"]
[Date "1999.??.??"]
[Round "?"]
[White "Jurca, Horatiu"]
[Black "Long, Jeffrey"]
[Result "0-1"]
[WhiteElo "2416"]
[BlackElo "2286"]
[PlyCount "120"]
[EventDate "1999.05.08"]
[EventType "tourn (corr)"]
[EventRounds "10"]
[SourceTitle "Corr 2008"]
[Source "ChessBase"]
[SourceDate "2008.06.24"]
[SourceVersion "1"]
[SourceVersionDate "2008.06.24"]
[SourceQuality "1"]

1. d4 Nf6 2. c4 g6 3. f3 c5 4. d5 Bg7 5. e4 0-0 6. Nc3 d6 7. Be3 Nbd7 8. Qd2 Ne5 9. Bg5 a6 10. f4 Ned7 11. Nf3 b5 12. cxb5 Qa5 13. bxa6 Bxa6 14. Bxa6 Qxa6 15. Kf2 Rfb8 16. Rhe1 Qb6 17. Rab1 c4+ 18. Kf1 Ng4 19. e5 dxe5 20. h3 e4 21. Nxe4 c3 22. Nxc3 Bxc3 23. bxc3 Qxb1 24. Rxb1 Rxb1+ 25. Ne1 Ngf6 26. f5 Ra1 27. fxg6 hxg6 28. c4 R8xa2 29. Qe3 Kf8 30. Qd4 Kg8 31. g4 Rb1 32. Be3 Rb4 33. g5 Nh5 34. Bf2 Rbb2 35. Nd3 Rb1+ 36. Ne1 Ng7 37. Qe4 Rbb2 38. Nd3 Rd2 39. c5 Rd1+ 40. Kg2 Nf5 41. c6 Nb6 42. Nb4 Rb2 43. Nd3 Rbd2 44. c7 Nc8 45. Qa4 Kh7 46. Nc5 Ncd6 47. Ne4 Nxe4 48. Qxe4 Rc1 49. Qb4 Rdc2 50. Qb8 Kg7 51. Qd8 Rxc7 52. d6 exd6 53. h4 R1c2 54. h5 d5 55. Qf6+ Kh7 56. h6 Rb7 57. Kf3 Rb3+ 58. Kg2 Ne3+ 59. Kh1 Rc1+ 60. Bg1 Rxg1+ 0-1

[Event "IECG WC.2000.S.00002 email"]
[Site "IECG email"]
[Date "1999.??.??"]
[Round "?"]
[White "Jurca, Horatiu"]
[Black "Pass, Deborah"]
[Result "1-0"]
[WhiteElo "2416"]
[BlackElo "2025"]
[PlyCount "69"]
[EventDate "1999.05.08"]
[EventType "tourn (corr)"]
[EventRounds "10"]
[SourceTitle "Corr 2008"]
[Source "ChessBase"]
[SourceDate "2008.06.24"]
[SourceVersion "1"]
[SourceVersionDate "2008.06.24"]
[SourceQuality "1"]

1. d4 g6 2. c4 Bg7 3. Nc3 d6 4. e4 Nf6 5. f3 0-0 6. Be3 e5 7. d5 c6 8. Qd2 cxd5 9. cxd5 a6 10. Bd3 Nh5 11. Nge2 f5 12. 0-0-0 f4 13. Bf2 b5 14. Kb1 Nd7 15. Nc1 Bb7 16. Nb3 Rc8 17. Ne2 Nc5 18. Nxc5 dxc5 19. Bc2 Qd6 20. Qa5 Bf6 21. g4 Bd8 22. Qe1 Ng7 23. h4 h6 24. Nc1 c4 25. a3 c3 26. b4 a5 27. Nd3 axb4 28. axb4 Bb6 29. Bxb6 Qxb6 30. Bb3 Qd6 31. Rh2 Rc7 32. Rc2 Rfc8 33. Nc5 Ra8 34. Rxc3 Bc8 35. Nd3 1-0

[Event "IECG WC.2000.S.00002 email"]
[Site "IECG email"]
[Date "1999.??.??"]
[Round "?"]
[White "Jurca, Horatiu"]
[Black "Taboada, Pedro Pablo"]
[Result "1-0"]
[WhiteElo "2416"]
[BlackElo "2310"]
[PlyCount "90"]
[EventDate "1999.05.08"]
[EventType "tourn (corr)"]
[EventRounds "10"]
[SourceTitle "Corr 2008"]
[Source "ChessBase"]
[SourceDate "2008.06.24"]
[SourceVersion "1"]
[SourceVersionDate "2008.06.24"]
[SourceQuality "1"]

1. d4 Nf6 2. c4 e6 3. g3 c5 4. d5 exd5 5. cxd5 d6 6. Nc3 g6 7. Bg2 Bg7 8. Nf3 0-0 9. 0-0 a6 10. a4 Nbd7 11. Nd2 Re8 12. h3 Rb8 13. Nc4 Nb6 14. Na3 Bd7 15. e4 Qc7 16. Be3 Nc8 17. Qd3 Na7 18. Rfc1 b5 19. b4 c4 20. Qe2 bxa4 21. e5 Rxe5 22. Nxc4 Ree8 23. Nxa4 Nb5 24. Na5 Qd8 25. Nc6 Bxc6 26. dxc6 Nh5 27. Ra3 Bd4 28. Qf3 Qc7 29. Rd3 Bxe3 30. Rxe3 Nd4 31. Qd1 Rxe3 32. fxe3 Nb5 33. Qe1 Re8 34. Qf2 Re5 35. g4 Ng7 36. Nb2 Re6 37. Nd3 Qa7 38. Nf4 Rf6 39. Kh1 Nc7 40. Qd2 Nge8 41. h4 Qb6 42. Be4 d5 43. Nxd5 Nxd5 44. Bxd5 Qc7 45. g5 Rf5 1-0

[Event "IECG CM.1999.0.00071"]
[Site "IECG email"]
[Date "1999.??.??"]
[Round "?"]
[White "Komar, Miroslav"]
[Black "Jurca, Horatiu"]
[Result "0-1"]
[WhiteElo "2200"]
[BlackElo "2416"]
[PlyCount "46"]
[EventDate "1999.02.26"]
[EventType "tourn (corr)"]
[EventRounds "6"]
[SourceTitle "Corr 2008"]
[Source "ChessBase"]
[SourceDate "2008.06.24"]
[SourceVersion "1"]
[SourceVersionDate "2008.06.24"]
[SourceQuality "1"]

1. Nf3 Nf6 2. d4 g6 3. b3 Bg7 4. Bb2 0-0 5. e3 d6 6. Bd3 Nbd7 7. c4 c6 8. Nc3 e5 9. Bc2 Qe7 10. d5 e4 11. dxc6 exf3 12. cxd7 fxg2 13. Rg1 Bxd7 14. Rxg2 Bc6 15. Rg3 Rfd8 16. Qe2 d5 17. Nxd5 Nxd5 18. Bxg7 Kxg7 19. cxd5 Rxd5 20. Qc4 Qe5 21. Rd1 Rxd1+ 22. Bxd1 Rd8 23. Rh3 Be4 0-1